[Event "Toronto Ontario op U2000"]
[Site "Toronto"]
[Date "2010.05.22"]
[Round "2"]
[White "Bansal, Sarthak"]
[Black "Song, Guannan Terry"]
[Result "0-1"]
[WhiteElo "1752"]
[BlackElo "1864"]
[PlyCount "56"]
[EventDate "2010.05.22"]
[EventType "swiss"]
[EventRounds "6"]
[EventCountry "CAN"]
[SourceTitle "EXT 2022"]
[Source "ChessBase"]
[SourceDate "2021.10.06"]
[SourceVersion "1"]
[SourceVersionDate "2021.10.06"]
[SourceQuality "1"]

1. e4 e6 2. d4 d5 3. Nd2 Nf6 4. e5 Nfd7 5. f4 c5 6. c3 Nc6 7. Ndf3 Qb6 8. a3 Be7 9. h4 0-0 10. Bd3 cxd4 11. cxd4 f5 12. Bc2 Na5 13. Ne2 Nb8 14. Qd3 Bd7 15. a4 Nbc6 16. Qd1 Rac8 17. Nc3 Nb4 18. Rb1 Nxc2+ 19. Qxc2 Nb3 20. Qf2 Bb4 21. Bd2 Bxc3 22. bxc3 Bxa4 23. h5 Qa6 24. h6 g6 25. Nh4 Qd3 26. Rh3 Qxb1+ 27. Ke2 Bb5+ 28. Ke3 Qd3# 0-1